Największe dzielnice miast #1 Polska - Statystyki

Ogólne statystyki
  • Ten quiz został rozwiązany 31 razy
  • Średni wynik to 3 z 20
Statystyki odpowiedzi
Miasto Odpowiedź % Poprawnych
Kraków Nowa Huta
83%
Warszawa Wawer
48%
Łódź Widzew
41%
Bydgoszcz Fordon
28%
Wrocław Fabryczna
17%
Gorzów Wielkopolski Górczyn
17%
Gdańsk Wyspa Sobieszewska
17%
Poznań Nowe Miasto
14%
Katowice Murcki
10%
Gdynia Chwarzno-Wiczlino
7%
Szczecin Pogodno
7%
Zabrze Biskupice
3%
Białystok Dojlidy
3%
Sopot Górny Sopot
3%
Tarnów Krzyż
3%
Częstochowa Północ
3%
Rzeszów Przybyszówka
3%
Lublin Czechów
0%
Olsztyn Podleśna
0%
Radom Ustronie
0%
Nie znaleziono quizów pasujących do podanych kryteriów
Rozkład punktacji
Procent ludzi z każdym wynikiem
Percentyl według liczby udzielonych odpowiedzi
Twoja historia wyników
Nie rozwiązałeś tego quizu